[Event "Edmonton CC June"]
[Site "Edmonton CAN"]
[Date "1997.06.29"]
[Round "4"]
[White "Lovi, Aaron"]
[Black "Ottosen, David"]
[Result "0-1"]
[WhiteElo "1740"]
[BlackElo "2018"]
[PlyCount "34"]
[GameId "2160767911965585"]
[EventDate "1997.06.28"]
[EventType "swiss"]
[EventRounds "5"]
[EventCountry "CAN"]

1. c4 c6 2. Nc3 d5 3. cxd5 cxd5 4. d4 Nf6 5. Nf3 Nc6 6. Bg5 Ne4 7. e3 Nxg5 8. Nxg5 e5 9. Nf3 e4 10. Nd2 Be6 11. Bb5 Bd6 12. Rc1 O-O 13. Bxc6 bxc6 14. Nb3 Qg5 15. O-O Bg4 16. Ne2 Bf3 17. g3 Qg4 0-1

[Event "Edmonton CC September"]
[Site "Edmonton CAN"]
[Date "1997.09.11"]
[Round "2"]
[White "Ottosen, David"]
[Black "Davies, Bob"]
[Result "1-0"]
[WhiteElo "2074"]
[BlackElo "1731"]
[PlyCount "91"]
[GameId "2160767911932096"]
[EventDate "1997.09.04"]
[EventType "swiss"]
[EventRounds "4"]
[EventCountry "CAN"]

1. e4 e5 2. d4 exd4 3. c3 d5 4. exd5 Qxd5 5. cxd4 Nc6 6. Nf3 Bg4 7. Be2 Bxf3 8. Bxf3 Qa5+ 9. Bd2 Bb4 10. Nc3 Nge7 11. a3 Bxc3 12. Bxc3 Qf5 13. d5 Rd8 14. Qe2 Nb8 15. Bxg7 Rg8 16. Bc3 Kf8 17. Be4 Qg4 18. Qxg4 Rxg4 19. Bxh7 Nxd5 20. O-O-O Nc6 21. g3 Nxc3 22. Rxd8+ Nxd8 23. bxc3 Rc4 24. Kb2 Rc6 25. h4 Rd6 26. Kc2 Ra6 27. Ra1 Rf6 28. f4 Kg7 29. Bd3 Kh6 30. Rb1 Rb6 31. Rxb6+ axb6 32. Be4 f6 33. g4 c6 34. g5+ Kg7 35. f5 Nf7 36. g6 Nd6 37. Bd3 Kh6 38. Kb3 Ne8 39. c4 Kh5 40. Kb4 Kxh4 41. c5 Kg5 42. cxb6 Ng7 43. a4 Kh6 44. a5 Ne8 45. a6 bxa6 46. b7 1-0

[Event "Edmonton CC September"]
[Site "Edmonton CAN"]
[Date "1997.09.25"]
[Round "4"]
[White "Dean, Tim"]
[Black "Ottosen, David"]
[Result "1-0"]
[WhiteElo "1860"]
[BlackElo "2074"]
[PlyCount "103"]
[GameId "2160767911932097"]
[EventDate "1997.09.04"]
[EventType "swiss"]
[EventRounds "4"]
[EventCountry "CAN"]

1. e4 c5 2. Nf3 Nc6 3. d4 cxd4 4. Nxd4 Nf6 5. Nc3 d6 6. Be2 e5 7. Nb3 h6 8. Be3 Be6 9. Qd2 Be7 10. O-O-O O-O 11. h3 a6 12. f4 Nb4 13. f5 Bxb3 14. axb3 Qa5 15. Na4 Nxe4 16. Qe1 Na2+ 17. Kb1 Qxe1 18. Rhxe1 Nb4 19. Bf3 Ng3 20. Nb6 Rad8 21. Bxb7 Nxf5 22. c3 Nxe3 23. Rxe3 Rb8 24. Nd5 Rxb7 25. Nxb4 Rxb4 26. cxb4 Rb8 27. Rc3 Rxb4 28. Rc8+ Kh7 29. Rc7 Bf6 30. Rxd6 Kg6 31. Kc2 a5 32. Rc5 Kf5 33. Rxa5 Ke4 34. Ra4 Rd4 35. Raxd4+ exd4 36. b4 Be7 37. Rd7 Bxb4 38. Rxf7 Ke3 39. Kd1 g5 40. Rf6 h5 41. Rf5 g4 42. Rxh5 Kf4 43. hxg4 Kxg4 44. Rh3 Bd6 45. Ke2 Bc5 46. Kd3 Ba7 47. b4 Kf4 48. Rf3+ Kg4 49. Kc4 Bb6 50. Kb5 Bd8 51. Kc4 Bb6 52. b5 1-0

[Event "Edmonton closed"]
[Site "Edmonton CAN"]
[Date "1997.01.22"]
[Round "1"]
[White "Ottosen, David"]
[Black "Karmali, Hafiz"]
[Result "1-0"]
[WhiteElo "2047"]
[BlackElo "2082"]
[PlyCount "35"]
[GameId "2160767911999418"]
[EventDate "1997.01.22"]
[EventType "tourn"]
[EventRounds "7"]
[EventCountry "CAN"]

1. e4 e5 2. Nf3 Nc6 3. d4 exd4 4. c3 d5 5. exd5 Qxd5 6. cxd4 Bb4+ 7. Nc3 Bg4 8. Be2 O-O-O 9. O-O Qd7 10. Qb3 Qe7 11. Be3 Nf6 12. a3 Ba5 13. Rac1 Be6 14. Qa4 Nd5 15. Nxd5 Rxd5 16. Rxc6 bxc6 17. Ne5 Qd6 18. Nc4 1-0

[Event "Edmonton closed"]
[Site "Edmonton CAN"]
[Date "1997.01.29"]
[Round "2"]
[White "Ottosen, David"]
[Black "Newton, Geoff"]
[Result "0-1"]
[WhiteElo "2047"]
[BlackElo "2080"]
[PlyCount "50"]
[GameId "2160767911999419"]
[EventDate "1997.01.22"]
[EventType "tourn"]
[EventRounds "7"]
[EventCountry "CAN"]

1. d4 d5 2. c4 c6 3. Nf3 e6 4. Nc3 Nf6 5. Bg5 h6 6. Bh4 Be7 7. e3 Nbd7 8. Bd3 O-O 9. O-O dxc4 10. Bxc4 b5 11. Bd3 b4 12. Bxf6 Nxf6 13. Ne4 Nxe4 14. Bxe4 Ba6 15. Re1 Rc8 16. Ne5 c5 17. Qa4 Qd6 18. Nd7 c4 19. Nxf8 Bxf8 20. Rac1 Qb6 21. Qd1 c3 22. Bd3 Bxd3 23. Qxd3 Qa5 24. a3 bxa3 25. Rxc3 axb2 0-1

[Event "Edmonton closed"]
[Site "Edmonton CAN"]
[Date "1997.02.05"]
[Round "3"]
[White "Quiring, John"]
[Black "Ottosen, David"]
[Result "0-1"]
[WhiteElo "1994"]
[BlackElo "2047"]
[PlyCount "54"]
[GameId "2160767911999420"]
[EventDate "1997.01.22"]
[EventType "tourn"]
[EventRounds "7"]
[EventCountry "CAN"]

1. e4 c5 2. f4 d5 3. exd5 Nf6 4. Bb5+ Nbd7 5. c4 a6 6. Bxd7+ Bxd7 7. Nf3 e6 8. dxe6 Bxe6 9. O-O Bxc4 10. Re1+ Be7 11. b3 Bd3 12. Bb2 O-O 13. Ne5 c4 14. Nxd3 cxd3 15. Qf3 Bc5+ 16. Kh1 Re8 17. Nc3 Qd7 18. Na4 Rxe1+ 19. Rxe1 Re8 20. Rd1 Ne4 21. Nxc5 Nxc5 22. Qg3 f6 23. Re1 Re2 24. Rxe2 dxe2 25. d4 Nd3 26. Qe3 e1=Q+ 27. Qxe1 Nxe1 0-1

[Event "Edmonton closed"]
[Site "Edmonton CAN"]
[Date "1997.02.12"]
[Round "4"]
[White "Ottosen, David"]
[Black "Fullbrook, Nigel"]
[Result "0-1"]
[WhiteElo "2047"]
[BlackElo "2223"]
[PlyCount "50"]
[GameId "2160767911999421"]
[EventDate "1997.01.22"]
[EventType "tourn"]
[EventRounds "7"]
[EventCountry "CAN"]

1. d4 d5 2. c4 dxc4 3. e4 Nc6 4. Be3 e5 5. d5 Nce7 6. Nf3 Ng6 7. Bxc4 Nf6 8. Qc2 a6 9. O-O Bd6 10. Nbd2 h5 11. Nxe5 Bxe5 12. f4 Ng4 13. Bc5 Nxf4 14. g3 Nh3+ 15. Kg2 Bd6 16. Bd4 Ne5 17. Qc3 f6 18. Rae1 Ng5 19. Rf2 h4 20. Nf1 Bh3+ 21. Kg1 Qd7 22. Bb3 Bxf1 23. Rexf1 hxg3 24. Rf5 Rxh2 25. Bxe5 Nh3# 0-1

[Event "Edmonton closed"]
[Site "Edmonton CAN"]
[Date "1997.02.19"]
[Round "5"]
[White "Schaeffer, Jonathan"]
[Black "Ottosen, David"]
[Result "0-1"]
[WhiteElo "2229"]
[BlackElo "2047"]
[PlyCount "71"]
[GameId "2160767911999422"]
[EventDate "1997.01.22"]
[EventType "tourn"]
[EventRounds "7"]
[EventCountry "CAN"]

1. d4 Nf6 2. Bg5 Ne4 3. Bh4 c5 4. f3 g5 5. fxe4 gxh4 6. e3 Bh6 7. Qd3 Nc6 8. c3 Qb6 9. b3 e6 10. Nd2 Ne7 11. Ngf3 d5 12. Be2 Ng6 13. O-O O-O 14. e5 Bd7 15. h3 f5 16. exf6 Rxf6 17. Nh2 Bg7 18. Ndf3 Qd6 19. Ng4 Rff8 20. Rad1 Qe7 21. Qd2 Bc6 22. Bd3 Rae8 23. Qc2 h5 24. Ngh2 Rf5 25. Bxf5 exf5 26. Qxf5 Qxe3+ 27. Kh1 Qh6 28. Ng5 Ne7 29. Qf7+ Kh8 30. Nhf3 Bf6 31. Ne6 Nf5 32. Ne5 Ng3+ 33. Kg1 Bxe5 34. dxe5 Rxe6 35. Rf3 Rxe5 36. Rf6 0-1

[Event "Edmonton closed"]
[Site "Edmonton CAN"]
[Date "1997.02.26"]
[Round "6"]
[White "Ottosen, David"]
[Black "Grumic, Sasha"]
[Result "0-1"]
[WhiteElo "2047"]
[BlackElo "2239"]
[PlyCount "80"]
[GameId "2160767911999423"]
[EventDate "1997.01.22"]
[EventType "tourn"]
[EventRounds "7"]
[EventCountry "CAN"]

1. d4 g6 2. c4 Nf6 3. Nc3 Bg7 4. e4 O-O 5. Nf3 d6 6. Be2 Nbd7 7. O-O e5 8. d5 Nc5 9. Nd2 a5 10. f3 Nh5 11. g3 f5 12. Nb3 Bd7 13. Nxc5 dxc5 14. f4 exf4 15. Bxh5 fxg3 16. Bf3 gxh2+ 17. Kh1 f4 18. Qe2 Be5 19. Nd1 g5 20. Nf2 Ra6 21. Ng4 Qe7 22. Nxe5 Qxe5 23. Bd2 g4 24. Bxg4 Bxg4 25. Qxg4+ Rg6 26. Qf3 Rg3 27. Bxf4 Rxf3 28. Bxe5 Rxf1+ 29. Rxf1 Rxf1+ 30. Kxh2 Re1 31. Bxc7 Rxe4 32. b3 a4 33. d6 axb3 34. axb3 Rd4 35. Bb6 Rxd6 36. Bxc5 Rd2+ 37. Kg3 Rd3+ 38. Kg4 Rxb3 39. Bd6 Rb6 40. Ba3 Ra6 0-1

[Event "Edmonton closed"]
[Site "Edmonton CAN"]
[Date "1997.03.05"]
[Round "7"]
[White "Dartana, Christiaan"]
[Black "Ottosen, David"]
[Result "0-1"]
[WhiteElo "1970"]
[BlackElo "2047"]
[PlyCount "90"]
[GameId "2160767911999424"]
[EventDate "1997.01.22"]
[EventType "tourn"]
[EventRounds "7"]
[EventCountry "CAN"]

1. Nf3 c5 2. g3 d5 3. Bg2 Nc6 4. O-O e5 5. d3 h6 6. Nbd2 Bg4 7. c3 Bd6 8. e4 Nf6 9. exd5 Nxd5 10. Qb3 Nb6 11. Nc4 Nxc4 12. Qxc4 Qd7 13. Re1 O-O 14. d4 exd4 15. cxd4 Bxf3 16. Bxf3 Nxd4 17. Bg2 b5 18. Qd3 Rfe8 19. Be3 Rad8 20. Bxd4 Be5 21. Rad1 Bxd4 22. Rxe8+ Rxe8 23. Bf1 Rd8 24. Kg2 Qd5+ 25. Qf3 Qxa2 26. Bxb5 Qxb2 27. Bc4 Rf8 28. h4 Qc3 29. Qd5 a5 30. Rd3 Qe1 31. Rf3 Qe5 32. Qd7 Qh5 33. Bxf7+ Rxf7 34. Qe8+ Kh7 35. Rxf7 Qd5+ 36. Rf3 c4 37. h5 Bf6 38. Qg6+ Kh8 39. Qg4 c3 40. Kh2 Qc6 41. Rf4 c2 42. Rc4 c1=Q 43. Rxc1 Qxc1 44. Qa4 Qe1 45. Qc2 Qe8 0-1

[Event "Guelph op"]
[Site "Guelph CAN"]
[Date "1997.03.02"]
[Round "5"]
[White "Wenz, Norman"]
[Black "Van Spyk, Aiken"]
[Result "1-0"]
[WhiteElo "1579"]
[BlackElo "1559"]
[PlyCount "39"]
[GameId "2160767911966436"]
[EventDate "1997.02.28"]
[EventType "swiss"]
[EventRounds "5"]
[EventCountry "CAN"]
[SourceTitle "CFC 1997.06"]

1. e4 c5 2. f4 Nc6 3. Nf3 d6 4. Bb5 Bd7 5. Bxc6 Bxc6 6. Nc3 Nf6 7. d3 e6 8. O-O Be7 9. Qe1 O-O 10. Qg3 Re8 11. f5 exf5 12. Bh6 g6 13. exf5 Bd7 14. fxg6 hxg6 15. Ng5 Bf5 16. Rxf5 Nh5 17. Qg4 gxf5 18. Qxh5 Bxg5 19. Bxg5 Qa5 20. Bf6 1-0

[Event "Halifax m"]
[Site "Halifax CAN"]
[Date "1997.03.02"]
[Round "1"]
[White "Villeneuve, Robert"]
[Black "Urquhart, Eddie"]
[Result "0-1"]
[WhiteElo "2175"]
[BlackElo "2205"]
[PlyCount "108"]
[GameId "2160767911966380"]
[EventDate "1997.03.02"]
[EventType "match"]
[EventRounds "6"]
[EventCountry "CAN"]
[SourceTitle "CFC 1997.06"]

1. c4 e5 2. Nc3 d6 3. Nf3 f5 4. d4 e4 5. Ng5 Be7 6. Nh3 Nf6 7. Bg5 O-O 8. Nf4 c6 9. e3 Na6 10. h4 Nc7 11. Be2 Ne6 12. b4 Nxf4 13. Bxf4 Be6 14. Rb1 Ng4 15. g3 h5 16. a4 Bf6 17. c5 dxc5 18. bxc5 Rf7 19. Kf1 Qa5 20. Qd2 b6 21. Bd6 Rd8 22. cxb6 axb6 23. Bb4 Qa7 24. Qc2 Rfd7 25. Ba3 Bf7 26. Qb2 c5 27. Qxb6 cxd4 28. Qxa7 Rxa7 29. Bxg4 hxg4 30. Bc5 dxc3 31. Bxa7 c2 32. Re1 Bb3 33. Bd4 Bxd4 34. exd4 Rxd4 35. Ke2 Bxa4 36. Ra1 Bb5+ 37. Ke3 Rd3+ 38. Kf4 Rf3+ 39. Kg5 Rxf2 40. h5 Be8 41. Ra8 Kf7 42. Rc8 Rd2 43. Rc1 Ba4 44. Rc4 Rd1 45. R1xc2 Bxc2 46. Rxc2 Ke6 47. Rf2 Rd3 48. Kg6 Rf3 49. Ra2 Rxg3 50. Kxg7 Rh3 51. h6 e3 52. h7 Rxh7+ 53. Kxh7 f4 54. Kg6 f3 0-1

[Event "Harry Yanofsky mem"]
[Site "Winnipeg CAN"]
[Date "1997.12.05"]
[Round "1"]
[White "Ford, Stephen"]
[Black "Gibbons, Michael"]
[Result "0-1"]
[WhiteElo "1517"]
[BlackElo "2052"]
[PlyCount "74"]
[GameId "2160767912007925"]
[EventDate "1997.??.??"]
[EventType "swiss"]
[EventRounds "4"]
[EventCountry "CAN"]

1. e4 c5 2. Nc3 Nc6 3. f4 g6 4. Nf3 Bg7 5. d3 d6 6. Be3 Nd4 7. h3 e6 8. Bxd4 cxd4 9. Ne2 e5 10. g3 Qb6 11. Qc1 Ne7 12. Bg2 f5 13. Nd2 Be6 14. O-O Rc8 15. Kh2 Qc7 16. c3 dxc3 17. bxc3 Bf7 18. Qa3 Qb6 19. Rf3 exf4 20. gxf4 O-O 21. d4 Qc7 22. Rc1 Rfe8 23. Re3 fxe4 24. Rxe4 g5 25. Kh1 d5 26. Re3 gxf4 27. Nxf4 Qxf4 28. Rxe7 Qxd2 29. Rf1 Rf8 30. Rexf7 Rxf7 31. Bxd5 Rcf8 32. Qe7 Qh6 33. Qd7 Bf6 34. Rg1+ Bg5 35. Qg4 Kh8 36. Bxf7 Rxf7 37. Qxg5 Qxh3# 0-1

[Event "Harry Yanofsky mem"]
[Site "Winnipeg CAN"]
[Date "1997.12.05"]
[Round "1"]
[White "Gannon, Keith"]
[Black "Gentes, Kevin"]
[Result "0-1"]
[WhiteElo "1682"]
[BlackElo "2363"]
[PlyCount "92"]
[GameId "2160767912007926"]
[EventDate "1997.??.??"]
[EventType "swiss"]
[EventRounds "4"]
[EventCountry "CAN"]

1. Nf3 Nf6 2. g3 d5 3. Bg2 c5 4. b3 Nc6 5. Bb2 e6 6. O-O Be7 7. d3 O-O 8. Nbd2 b5 9. Re1 Bb7 10. e4 d4 11. a4 a6 12. axb5 axb5 13. Rxa8 Qxa8 14. Qa1 Qb8 15. Nf1 Qc7 16. c4 b4 17. Qb1 e5 18. Qc2 Nh5 19. Ra1 g6 20. Bc1 Ng7 21. Bh6 Qd7 22. Kh1 f5 23. Bh3 Qd6 24. exf5 gxf5 25. Bxg7 Kxg7 26. Qe2 e4 27. Ne1 Qe5 28. Bg2 Bf6 29. f4 Qe6 30. Ra2 e3 31. Bd5 Qd7 32. Nf3 Ne7 33. Bxb7 Qxb7 34. Kg1 Ra8 35. Ne1 Ra3 36. Rb2 Qa8 37. g4 Bh4 38. Ng3 Kh8 39. gxf5 Ra1 40. Qf1 Nxf5 41. Re2 Bxg3 42. hxg3 Nxg3 43. Qg2 Qxg2+ 44. Rxg2 Rxe1+ 45. Kh2 Nf5 46. Kh3 e2 0-1

[Event "Harry Yanofsky mem"]
[Site "Winnipeg CAN"]
[Date "1997.12.05"]
[Round "1"]
[White "Hassain, Mahmud"]
[Black "Sliwowski, Paul"]
[Result "1-0"]
[WhiteElo "1868"]
[BlackElo "1219"]
[PlyCount "59"]
[GameId "2160767912007927"]
[EventDate "1997.??.??"]
[EventType "swiss"]
[EventRounds "4"]
[EventCountry "CAN"]

1. e4 c5 2. Nf3 d6 3. d4 cxd4 4. Nxd4 g6 5. c4 Nf6 6. Nc3 Bg7 7. Be2 Nc6 8. Be3 O-O 9. O-O Bd7 10. h3 Rc8 11. Qd2 Ne5 12. b3 e6 13. Rad1 Bc6 14. Nxc6 Rxc6 15. Nb5 Nxe4 16. Qc2 a6 17. Qxe4 axb5 18. cxb5 d5 19. bxc6 dxe4 20. Rxd8 Rxd8 21. cxb7 Rb8 22. Rc1 Rxb7 23. Rc8+ Bf8 24. Bh6 Nd7 25. Ba6 Rb8 26. Bxf8 Rxc8 27. Bxc8 Nxf8 28. a4 e5 29. a5 Ne6 30. Bxe6 1-0

[Event "Harry Yanofsky mem"]
[Site "Winnipeg CAN"]
[Date "1997.12.05"]
[Round "1"]
[White "Kirton, Dale"]
[Black "Agusti, Marcos"]
[Result "1-0"]
[WhiteElo "2258"]
[BlackElo "1618"]
[PlyCount "55"]
[GameId "2160767912007928"]
[EventDate "1997.??.??"]
[EventType "swiss"]
[EventRounds "4"]
[EventCountry "CAN"]

1. e4 e6 2. d4 d5 3. Nd2 Nf6 4. e5 Nfd7 5. Bd3 c5 6. c3 Nc6 7. Ne2 Qb6 8. Nf3 Be7 9. O-O f6 10. Nf4 Nd8 11. Re1 f5 12. Bxf5 Nf8 13. Bc2 Nf7 14. c4 Bd7 15. cxd5 O-O-O 16. d6 Bg5 17. dxc5 Qxc5 18. Nxg5 Nxg5 19. Nd3 Nh3+ 20. gxh3 Qd4 21. Be3 Qh4 22. Qg4 Qxg4+ 23. hxg4 Ng6 24. Bg5 Rdf8 25. Nc5 h6 26. Nxd7 Kxd7 27. Ba4+ Kc8 28. d7+ 1-0

[Event "Harry Yanofsky mem"]
[Site "Winnipeg CAN"]
[Date "1997.12.05"]
[Round "1"]
[White "Roque, Rodolfo"]
[Black "Tetrault, Charles"]
[Result "1-0"]
[WhiteElo "2051"]
[BlackElo "1454"]
[PlyCount "92"]
[GameId "2160767912007929"]
[EventDate "1997.??.??"]
[EventType "swiss"]
[EventRounds "4"]
[EventCountry "CAN"]

1. e4 c5 2. Nc3 Nc6 3. Nf3 d6 4. h3 e6 5. d4 cxd4 6. Nxd4 a6 7. Nf3 Bd7 8. a3 Nf6 9. Bd3 Be7 10. O-O O-O 11. Re1 Ne8 12. Rb1 f6 13. Ne2 Nc7 14. Nf4 Qe8 15. Bc4 b5 16. Ba2 Qf7 17. c3 Ne5 18. Nd4 Nc4 19. Nf3 Ne5 20. Qe2 Nc4 21. Bxc4 bxc4 22. Qxc4 Rac8 23. Qe2 e5 24. Nd3 Qg6 25. Nh4 Qf7 26. Nf5 Rce8 27. Qg4 Bxf5 28. exf5 Kh8 29. Nb4 Rg8 30. Qe2 g6 31. Nxa6 Nd5 32. c4 Nb6 33. b3 gxf5 34. Be3 Qg6 35. f4 Nd7 36. b4 exf4 37. Bxf4 Nb6 38. Rbc1 Nxc4 39. Nc7 Rc8 40. Rxc4 Bd8 41. Bxd6 Bxc7 42. Rxc7 Rce8 43. Be7 Qf7 44. Qe6 Qg7 45. Bxf6 Rxe6 46. Bxg7+ Rxg7 1-0

[Event "Harry Yanofsky mem"]
[Site "Winnipeg CAN"]
[Date "1997.12.05"]
[Round "1"]
[White "Trueman, Francis"]
[Black "Lukic, Luka"]
[Result "0-1"]
[WhiteElo "1448"]
[BlackElo "1925"]
[PlyCount "65"]
[GameId "2160767912007930"]
[EventDate "1997.??.??"]
[EventType "swiss"]
[EventRounds "4"]
[EventCountry "CAN"]

1. Nf3 Nf6 2. d3 d5 3. Nbd2 c6 4. e4 Bg4 5. g3 Nbd7 6. Bg2 e6 7. O-O Bd6 8. h3 Bh5 9. Re1 Qc7 10. Nf1 O-O-O 11. Qe2 e5 12. g4 Bg6 13. g5 Nh5 14. Ne3 Nf4 15. Qf1 dxe4 16. dxe4 Bxe4 17. Nc4 Bxc2 18. Bxf4 exf4 19. Re2 Bd3 20. Nxd6+ Qxd6 21. Rd1 Bxe2 22. Rxd6 Bxf1 23. Bxf1 Nc5 24. Rxd8+ Kxd8 25. Ne5 Ke7 26. h4 f6 27. gxf6+ gxf6 28. Nf3 Rd8 29. Be2 Nd3 30. h5 Ne5 31. Nh4 Rd2 32. Nf5+ Ke6 33. Kf1 0-1

[Event "Harry Yanofsky mem"]
[Site "Winnipeg CAN"]
[Date "1997.12.06"]
[Round "2"]
[White "Gentes, Kevin"]
[Black "Roque, Rodolfo"]
[Result "1-0"]
[WhiteElo "2362"]
[BlackElo "2051"]
[PlyCount "62"]
[GameId "2160767912007931"]
[EventDate "1997.??.??"]
[EventType "swiss"]
[EventRounds "4"]
[EventCountry "CAN"]

1. d4 Nf6 2. c4 g6 3. Nc3 Bg7 4. e4 d6 5. f3 Nbd7 6. Be3 c6 7. Qd2 Ng8 8. Bd3 e5 9. Nge2 Qh4+ 10. Bf2 Qe7 11. O-O g5 12. d5 c5 13. Ng3 Nh6 14. Be3 f6 15. a3 O-O 16. b4 a6 17. Na4 Rf7 18. Nh5 b6 19. h4 Kh8 20. hxg5 Ng8 21. Rab1 fxg5 22. Bxg5 Ngf6 23. Ng3 Kg8 24. Nf5 Qf8 25. bxc5 Nxc5 26. Nxc5 bxc5 27. Nxg7 Qxg7 28. f4 h6 29. Bxf6 Rxf6 30. fxe5 Rxf1+ 31. Rxf1 Qxe5 1-0

[Event "Harry Yanofsky mem"]
[Site "Winnipeg CAN"]
[Date "1997.12.06"]
[Round "2"]
[White "Gibbons, Michael"]
[Black "Hassain, Mahmud"]
[Result "1/2-1/2"]
[WhiteElo "2052"]
[BlackElo "1868"]
[PlyCount "69"]
[GameId "2160767912007932"]
[EventDate "1997.??.??"]
[EventType "swiss"]
[EventRounds "4"]
[EventCountry "CAN"]

1. Nf3 Nf6 2. d4 c5 3. e3 e6 4. c4 cxd4 5. exd4 Bb4+ 6. Bd2 Bxd2+ 7. Nbxd2 O-O 8. Be2 d5 9. c5 b6 10. b4 a5 11. a3 Ba6 12. Bxa6 Nxa6 13. b5 Nc7 14. a4 bxc5 15. dxc5 Qe7 16. Rc1 e5 17. O-O Ne6 18. Nb3 e4 19. Nfd4 Nf4 20. Nc6 Qd7 21. Nbd4 Rfe8 22. b6 Nd3 23. Rc3 Rac8 24. Nxa5 Rxc5 25. Rxd3 exd3 26. Nab3 Rc3 27. Nb5 Rc2 28. Qxd3 Ra2 29. a5 Ne4 30. a6 Rxa6 31. Nc7 Rxb6 32. Nxe8 Qxe8 33. Qxd5 Rxb3 34. Qxb3 Nd2 35. Qd1 1/2-1/2

[Event "Harry Yanofsky mem"]
[Site "Winnipeg CAN"]
[Date "1997.12.06"]
[Round "2"]
[White "Lukic, Luka"]
[Black "Kirton, Dale"]
[Result "1/2-1/2"]
[WhiteElo "1925"]
[BlackElo "2258"]
[PlyCount "52"]
[GameId "2160767912007933"]
[EventDate "1997.??.??"]
[EventType "swiss"]
[EventRounds "4"]
[EventCountry "CAN"]

1. d4 d5 2. c4 e6 3. Nc3 c5 4. e3 Nf6 5. Nf3 Nc6 6. Be2 Bd6 7. a3 O-O 8. O-O a6 9. Qc2 Qe7 10. Rd1 Rd8 11. dxc5 Bxc5 12. b4 Bd6 13. Bb2 dxc4 14. Bxc4 b5 15. Bd3 Bb7 16. Qe2 Ne5 17. Nxe5 Bxe5 18. Rac1 Rac8 19. Bb1 Rxd1+ 20. Qxd1 g6 21. h3 Nd7 22. Be4 Bxe4 23. Nxe4 Rxc1 24. Qxc1 Bxb2 25. Qxb2 f5 26. Nd2 Qd6 1/2-1/2

[Event "Harry Yanofsky mem"]
[Site "Winnipeg CAN"]
[Date "1997.12.06"]
[Round "3"]
[White "Hassain, Mahmud"]
[Black "Lukic, Luka"]
[Result "0-1"]
[WhiteElo "1868"]
[BlackElo "1925"]
[PlyCount "93"]
[GameId "2160767912007934"]
[EventDate "1997.??.??"]
[EventType "swiss"]
[EventRounds "4"]
[EventCountry "CAN"]

1. e4 c6 2. d4 d5 3. Nd2 dxe4 4. Nxe4 Bf5 5. Ng3 Bg6 6. Nh3 e6 7. Nf4 Nf6 8. h4 Bf5 9. Nxf5 exf5 10. Bc4 Bd6 11. Qf3 O-O 12. Ne2 g6 13. h5 Nxh5 14. g4 fxg4 15. Qxg4 Ng7 16. Bh6 Qf6 17. O-O-O Re8 18. Bd3 Qe6 19. Qh4 Be7 20. Qh2 Bd6 21. Bf4 h5 22. Bxd6 Qxa2 23. Nc3 Qa1+ 24. Nb1 Qa5 25. Qf4 Ne6 26. Qe5 Qxe5 27. dxe5 Nd7 28. Nc3 Nf4 29. Ne4 Kg7 30. Nf6 Nxd3+ 31. Rxd3 Nxf6 32. exf6+ Kxf6 33. f4 Kf5 34. Rg3 f6 35. Rhg1 Rg8 36. Bc5 b6 37. Be3 Rae8 38. Kd2 Re6 39. Ke2 Rge8 40. R1g2 Re4 41. Kf2 R8e7 42. Bd2 h4 43. Rc3 Re2+ 44. Kf3 Rxg2 45. Kxg2 Re2+ 46. Kh3 Rxd2 47. Rxc6 0-1

[Event "Harry Yanofsky mem"]
[Site "Winnipeg CAN"]
[Date "1997.12.06"]
[Round "3"]
[White "Kirton, Dale"]
[Black "Gentes, Kevin"]
[Result "1/2-1/2"]
[WhiteElo "2258"]
[BlackElo "2363"]
[PlyCount "31"]
[GameId "2160767912007935"]
[EventDate "1997.??.??"]
[EventType "swiss"]
[EventRounds "4"]
[EventCountry "CAN"]

1. e4 c5 2. Nf3 d6 3. d4 cxd4 4. Nxd4 Nf6 5. Nc3 a6 6. Bc4 e6 7. Bb3 b5 8. O-O Be7 9. Qf3 Qb6 10. Be3 Qb7 11. Qg3 O-O 12. Bh6 Ne8 13. Bg5 Nf6 14. Bh6 Ne8 15. Bg5 Nf6 16. Bh6 1/2-1/2

[Event "Harry Yanofsky mem"]
[Site "Winnipeg CAN"]
[Date "1997.12.06"]
[Round "3"]
[White "Roque, Rodolfo"]
[Black "Gibbons, Michael"]
[Result "0-1"]
[WhiteElo "2051"]
[BlackElo "2052"]
[PlyCount "58"]
[GameId "2160767912007936"]
[EventDate "1997.??.??"]
[EventType "swiss"]
[EventRounds "4"]
[EventCountry "CAN"]

1. e4 c5 2. Bc4 e6 3. d4 cxd4 4. Nf3 Qc7 5. Qxd4 Nc6 6. Qd1 Nf6 7. Nbd2 a6 8. O-O b5 9. Bb3 Bb7 10. Re1 Bc5 11. h3 O-O 12. e5 Ne8 13. Ne4 Nxe5 14. Nxe5 Qxe5 15. Bf4 Bxf2+ 16. Nxf2 Qxf4 17. Qxd7 Qc7 18. Qd4 Rd8 19. Qh4 Nf6 20. Qg5 h6 21. Qh4 Qc6 22. Qg3 Nh5 23. Qh2 Rd4 24. c3 Rd2 25. Bd1 Qb6 26. Rf1 Qe3 27. Bxh5 Rxb2 28. Qc7 Bd5 29. Rae1 Qg5 0-1

[Event "Harry Yanofsky mem"]
[Site "Winnipeg CAN"]
[Date "1997.12.07"]
[Round "4"]
[White "Gannon, Keith"]
[Black "Roque, Rodolfo"]
[Result "0-1"]
[WhiteElo "1682"]
[BlackElo "2051"]
[PlyCount "44"]
[GameId "2160767912007937"]
[EventDate "1997.??.??"]
[EventType "swiss"]
[EventRounds "4"]
[EventCountry "CAN"]

1. e4 d5 2. exd5 Nf6 3. Nf3 Nxd5 4. d4 e6 5. c4 Nf6 6. Nc3 c6 7. a3 b6 8. Be2 Bb7 9. O-O Bd6 10. Bg5 Nbd7 11. d5 Qb8 12. dxe6 fxe6 13. Re1 O-O 14. Bd3 Ne5 15. Nxe5 Bxe5 16. h3 Bh2+ 17. Kh1 Bf4 18. Bxf4 Qxf4 19. Rxe6 c5 20. Qe1 Rad8 21. Rd1 Qh4 22. Qe2 Qxh3+ 0-1

[Event "Harry Yanofsky mem"]
[Site "Winnipeg CAN"]
[Date "1997.12.07"]
[Round "4"]
[White "Gibbons, Michael"]
[Black "Gentes, Kevin"]
[Result "0-1"]
[WhiteElo "2052"]
[BlackElo "2363"]
[PlyCount "38"]
[GameId "2160767912007938"]
[EventDate "1997.??.??"]
[EventType "swiss"]
[EventRounds "4"]
[EventCountry "CAN"]

1. d4 d5 2. c4 e6 3. Nc3 c5 4. cxd5 exd5 5. e4 dxe4 6. Bc4 Nf6 7. Qb3 cxd4 8. Bxf7+ Ke7 9. Bf4 Nc6 10. Nd5+ Kxf7 11. Nc7+ Kg6 12. Nxa8 Bb4+ 13. Kf1 Re8 14. Nc7 Re7 15. Rc1 d3 16. Rxc6 bxc6 17. Qxb4 Rxc7 18. Bxc7 d2 19. Bxd8 d1=Q+ 0-1

[Event "Harry Yanofsky mem"]
[Site "Winnipeg CAN"]
[Date "1997.12.07"]
[Round "4"]
[White "Kirton, Dale"]
[Black "Hussain, Mahmud"]
[Result "1-0"]
[WhiteElo "2258"]
[BlackElo "1868"]
[PlyCount "31"]
[GameId "2160767912007939"]
[EventDate "1997.??.??"]
[EventType "swiss"]
[EventRounds "4"]
[EventCountry "CAN"]

1. e4 c5 2. c3 Nf6 3. e5 Nd5 4. d4 Nc6 5. Nf3 cxd4 6. cxd4 e6 7. Nc3 Nxc3 8. bxc3 d6 9. exd6 Qxd6 10. Bb5 Bd7 11. O-O Ne5 12. Nxe5 Bxb5 13. Nxf7 Kxf7 14. Qh5+ g6 15. Qxb5 Qc6 16. Qxc6 1-0

[Event "Harry Yanofsky mem"]
[Site "Winnipeg CAN"]
[Date "1997.12.07"]
[Round "4"]
[White "Lukic, Luka"]
[Black "Ford, Stephen"]
[Result "1-0"]
[WhiteElo "1995"]
[BlackElo "1517"]
[PlyCount "37"]
[GameId "2160767912007940"]
[EventDate "1997.??.??"]
[EventType "swiss"]
[EventRounds "4"]
[EventCountry "CAN"]

1. d4 Nf6 2. c4 e6 3. Nc3 Bb4 4. e3 d5 5. Bd3 Bxc3+ 6. bxc3 O-O 7. Nf3 Ne4 8. Qc2 f5 9. Ba3 Re8 10. O-O b6 11. Rac1 Ba6 12. cxd5 Bxd3 13. Qxd3 exd5 14. c4 c6 15. Ne5 Qf6 16. cxd5 cxd5 17. Rc7 Rxe5 18. Rc8+ Kf7 19. Rf8+ 1-0